Geography Quiz

Random Geography or State Quiz

Vowel-less Backwards US States Quiz Stats

 Plays Quiz Updated Feb 27, 2019

Score 0/50 Timer 04:00
0 Plays Today
Vowel-less State % Correct
SXTTexas
87.8%
PPSSSSMMississippi
86.6%
NLRC HTRNNorth Carolina
85.8%
TKD HTRNNorth Dakota
85.8%
SRJ WNNew Jersey
85.8%
NGRV TSWWest Virginia
85.8%
CXM WNNew Mexico
85.8%
RHSPMH WNNew Hampshire
85.8%
TKD HTSSouth Dakota
85.7%
NTGNHSWWashington
85.5%
DRLFFlorida
85.5%
SSNNTTennessee
85.3%
KRY WNNew York
85.3%
NLRC HTSSouth Carolina
85.2%
DVNNevada
85.1%
NVLSNNPPennsylvania
84.6%
TNMRVVermont
84.5%
TCTCNNCConnecticut
84%
STTSHCSSMMassachusetts
83.8%
SSNKKansas
83.8%
NSNCSWWisconsin
83.6%
NGRVVirginia
83.6%
KCTNKKentucky
82.9%
KSRBNNebraska
82.6%
DNLS DHRRhode Island
82.6%
Vowel-less State % Correct
NTNMMontana
82.4%
GRGGeorgia
82.4%
RWLDDelaware
82.3%
NGHCMMichigan
82.3%
NRFLCCalifornia
81.7%
DRLCColorado
80.9%
DNLRMMaryland
80.3%
RSSMMissouri
79.8%
TSNNMMinnesota
79.5%
SSNKRArkansas
78.9%
NZRArizona
78.1%
KSLAlaska
76.4%
WHHawaii
76.4%
HOhio
76.2%
MBLAlabama
75%
HDIdaho
74.7%
GNMWWyoming
74.6%
NMMaine
74.1%
SNLLIllinois
73.2%
WIowa
72.3%
NGROregon
68%
NSLLouisiana
67.1%
MHLKOklahoma
67%
HTUtah
66.4%
NDNIndiana
64.7%

You're not logged in!

Compare scores with friends on all Sporcle quizzes.
OR
Log In

Show Comments

Extras

Top Quizzes Today


Score Distribution

Your Account Isn't Verified!

In order to create a playlist on Sporcle, you need to verify the email address you used during registration. Go to your Sporcle Settings to finish the process.

Report this User

Report this user for behavior that violates our Community Guidelines.

Details: